000 00603nam a2200181Ia 4500
003 GCL
008 140319s9999 xx 000 0 ara d
040 _aGCL /
_cGCL
082 0 4 _a813.01
_bص و
100 1 _aصلاح حافظ
245 1 0 _aالولد الذى جعلنا لا ندفع نقودا: قصص كتبها الناس (هدية من الاديب عبدالفتاح الجمل /
_cصلاح حافظ
300 _a133 ص
490 _aسلسلة الكتاب الذهبى
_v0
650 0 4 _aالادب العربى
650 0 4 _aالقصص
650 0 4 _aالمجموعات
942 _2ddc
_cBK
999 _c40638
_d40638